Catálogo

RELACION E INTERDEPENDENCIA DE PSICOLOGIA, SEXO Y SOCIEDAD BASES PARA LA EDUCACION SEXUAL (Registro nro. 45798)

Detalles MARC
000 -LEADER
fixed length control field 01095nam a2200193 a 4500
001 - CONTROL NUMBER
control field 45798
005 - DATE AND TIME OF LATEST TRANSACTION
control field 20180714025125.0
008 - FIXED-LENGTH DATA ELEMENTS--GENERAL INFORMATION
fixed length control field 140415s1968 mx 000 0 spa d
041 ## - LANGUAGE CODE
Language code of text/sound track or separate title spa
082 ## - DEWEY DECIMAL CLASSIFICATION NUMBER
Classification number 372.372
Item number GUE
100 1# - MAIN ENTRY--PERSONAL NAME
Personal name GUEMEZ TRONCOSO, JOSE
245 10 - TITLE STATEMENT
Title RELACION E INTERDEPENDENCIA DE PSICOLOGIA, SEXO Y SOCIEDAD BASES PARA LA EDUCACION SEXUAL
250 ## - EDITION STATEMENT
Edition statement 1a ed.
260 ## - PUBLICATION, DISTRIBUTION, ETC.
Place of publication, distribution, etc. MEXICO :
Name of publisher, distributor, etc. EDICIONES GÜEMSHER,
Date of publication, distribution, etc. 1968
300 ## - PHYSICAL DESCRIPTION
Extent 143
Dimensions 23 x 17 x 2.8
490 ## - SERIES STATEMENT
Series statement EDUCACION Y SOCIEDAD
520 ## - SUMMARY, ETC.
Summary, etc. HEMOS QUERIDO LLEVAR AL ESTUDIANTE DE MEDICINA Y AL MÉDICO ACTUALMENTE EN EJERCICIO, LA RECOPILACIÓN DE DATOS QUE SOBRE LA PSICOLOGÍA, SEXO Y SOCIEDAD HEMOS IDO ACUMULANDO A TRAVÉS DE ALGUNOS AÑOS, HEMOS CREIDO QUE UN LIBRO DE ÉSTA NATURALEZA PUEDE SERVIR DE ORIENTACIÓN, NO SÓLAMENTE AL FUTURO MÉDICO QUE VA A TENER QUE TRATAR PROBLEMAS, PSICOLÓGICOS, SOCIOLÓGICOS Y SEXUALES DE UN GRAN NÚMERO DE SUS PACIENTES, SINO TAMBIÉN AL MÉDICO ACTUALMENTE EN EJERCICIO, EL QUE PUDIENDO SER MÉDICO
650 14 - SUBJECT ADDED ENTRY--TOPICAL TERM
Topical term or geographic name entry element EDUCACION SEXUAL
General subdivision SEXUALIDAD (PSICOLOGIA)
Existencias
Withdrawn status Lost status Source of classification or shelving scheme Damaged status Not for loan Collection code Home library Current library Shelving location Date acquired Source of acquisition Inventory number Total Checkouts Total Renewals Full call number Barcode Date last seen Date last checked out Price effective from Koha item type
    Dewey Decimal Classification     General Biblioteca Karol Wojtyla Biblioteca Karol Wojtyla Sala general 03/12/2013 Compra 151000000000000000041273 3 1 372.372 GUE 68773 20/03/2026 07/02/2026 03/12/2013 Libro